|
|
|
|
| LEADER |
01903nam a2200409 i 4500 |
| 001 |
EBC3379379 |
| 003 |
MiAaPQ |
| 005 |
20200520144314.0 |
| 006 |
m o d | |
| 007 |
cr cnu|||||||| |
| 008 |
141017t20142014dcua o 000 0 eng d |
| 020 |
|
|
|z 9780309310086
|
| 020 |
|
|
|a 9780309310093
|q (electronic bk.)
|
| 035 |
|
|
|a (MiAaPQ)EBC3379379
|
| 035 |
|
|
|a (Au-PeEL)EBL3379379
|
| 035 |
|
|
|a (CaPaEBR)ebr10951333
|
| 035 |
|
|
|a (OCoLC)893672850
|
| 040 |
|
|
|a MiAaPQ
|b eng
|e rda
|e pn
|c MiAaPQ
|d MiAaPQ
|
| 050 |
|
4 |
|a HD9711.5.A2
|b .N38 2014
|
| 082 |
0 |
|
|a 629.10688
|2 23
|
| 110 |
2 |
|
|a National Research Council (U.S.),
|e author.
|
| 245 |
1 |
0 |
|a 3D printing in space /
|c National Research Council (U.S.).
|
| 264 |
|
1 |
|a Washington, District of Columbia :
|b National Academies Press,
|c 2014.
|
| 264 |
|
4 |
|c 2014
|
| 300 |
|
|
|a 1 online resource (106 pages) :
|b illustrations
|
| 336 |
|
|
|a text
|2 rdacontent
|
| 337 |
|
|
|a computer
|2 rdamedia
|
| 338 |
|
|
|a online resource
|2 rdacarrier
|
| 500 |
|
|
|a "Committee on Space-Based Additive Manufacturing Aeronautics and Space Engineering Board National Materials and Manufacturing Board Division on Engineering and Physical Sciences"--Cover.
|
| 588 |
|
|
|a Description based on online resource; title from PDF cover (ebrary, viewed October 17, 2014).
|
| 590 |
|
|
|a Electronic reproduction. Ann Arbor, MI : ProQuest, 2015. Available via World Wide Web. Access may be limited to ProQuest affiliated libraries.
|
| 650 |
|
0 |
|a Aerospace industries
|x Materials.
|
| 650 |
|
0 |
|a Aerospace industries
|x Materials
|x Testing.
|
| 655 |
|
4 |
|a Electronic books.
|
| 776 |
0 |
8 |
|i Print version:
|a National Research Council (U.S.)
|t 3D printing in space.
|d Washington, District of Columbia : National Academies Press, c2014
|h xiv, 92 pages
|z 9780309310086
|
| 797 |
2 |
|
|a ProQuest (Firm)
|
| 856 |
4 |
0 |
|u https://ebookcentral.proquest.com/lib/matrademy/detail.action?docID=3379379
|z Click to View
|